000 00674nam a2200241Ia 4500
003 OSt
005 20220928102054.0
006 a|||||r|||| 00| 0
007 ta
008 220927b |||||||| |||| 00| 0 eng d
024 _a9638
037 _cTextual
040 _aSDCL
_cSDCL
_beng
041 _2eng
_aeng
082 _aY:496, P7
100 _aUnderwood Lori J
_9396408
245 0 _aTerror by consent
_bThe modern state and the breach of the social contract
260 _aNew York
_b Peter Lang
_c2007
300 _a140p
_ccm.
650 _aTerrorism
_9396409
942 _hY:496, P7
_cTEXL
_2CC
999 _c712137
_d712137